00461nam a2200169Ia 4500003000900000005001700009008004100026040003300067041000800100080001700108100002000125245003300145246002200178260004700200300001700247650002700264LK-CoDNM20241202113132.0010623t1969 xxu||||| |||| 00| 1 sin d aLK-CoDNMdLK-CoDNMeLK-CoDNM asin a294.32b PIY aPiyadassi Thero aචිත්ත දමනය aChiththa Damanaya bBuddhist Granta Prakashana Samithiyac1969 b32p. : 18 cm aබුදු දහම